EL PROBLEMA DE LA MUERTE : SUS SOLUCIONES IMAGINARIAS Y LA CIENCIA POSITIVA /

Uloženo v:
Podrobná bibliografie
Hlavní autor: Bourdelaue, Louis (autor)
Médium: Kniha
Témata:
Tagy: Přidat tag
Žádné tagy, Buďte první, kdo vytvoří štítek k tomuto záznamu!

MARC

LEADER 00000nam^a2200000^a^4500
001 000237223
005 20250521000000.0
009 20260310104924.696
035 |a 060253 
037 |a Acervo Xavier Clavigero 
082 |a 113. 8  |b BOU 
100 |a Bourdelaue, Louis  |e (autor) 
245 1 3 |a EL PROBLEMA DE LA MUERTE :  |b SUS SOLUCIONES IMAGINARIAS Y LA CIENCIA POSITIVA /  |c LUIS BOURDEAU ; TR. BENITO MENACHO ULIBARRI 
264 |a MADRID :  |b LIBRERIA DE FERNANDO FE,  |c 1902 
300 |a 357 p. 
336 |a texto  |b txt  |2 rdacontenido 
337 |a sin mediación  |b n  |2 rdamedio 
338 |a volumen  |b nc  |2 rdasoporte 
649 |a XX 
650 |a Muerte 
650 |a Vida después de la Muerte 
910 |a Fondo General 
920 |a Impresos - Libros 
930 |a Colección General 
905 |a 101 
901 |a 060253  |b IT1  |c ACC  |i 060253  |u 20250521 
902 |a https://opac.biblio.iteso.mx/vufind/Record/000237223